| 000 | 00824nam a2200229Ia 4500 | ||
|---|---|---|---|
| 003 | GCL | ||
| 005 | 20240530101736.0 | ||
| 008 | 140319s9999 xx 000 0 ara d | ||
| 040 |
_aGCL / _cGCL |
||
| 082 | 0 | 4 |
_aد _b328.3037 _bم ت |
| 100 | 1 | _aرئاسة الجمهورية | |
| 245 | 1 | 0 |
_aتقرير المجلس القومى للتعليم والبحث العلمى والتكنولوجى / _cرئاسة الجمهورية |
| 260 |
_a[S.N] : _bالمجالس القومية المتخصصة ، _c1993 |
||
| 300 | _aمتعدد الترقيم | ||
| 490 |
_aالمغتربون _v0 |
||
| 650 | 0 | 4 | _aالتعليم |
| 650 | 0 | 4 | _aالتكنولوجيا |
| 650 | 0 | 4 | _aالهيئات التشريعية |
| 650 | 0 | 4 | _aالبحث العلمى |
| 700 | 1 | _aالمجالس القومية المتخصصة | |
| 942 |
_2ddc _cCF |
||
| 999 |
_c27445 _d27445 |
||